Informe de daños en edificaciones durante el sismo de Colima del 9 de octubre de 1995 en la zona epicentral (Registro nro. 436989)
[ vista simple ]
| 000 -LÍDER | |
|---|---|
| Campo fijo de descripción fija | 00909nam a22002297a 4500 |
| 003 - IDENTIFICADOR DEL NÚMERO DE CONTROL | |
| Campo de control | BCEG |
| 005 - FECHA Y HORA DE LA ULTIMA TRANSACCIÓN | |
| control field | 20260113172638.0 |
| 008 - ELEMENTOS DE LONGITUD FIJA -- INFORMACIÓN GENERAL | |
| Campo fijo de descripción fija -- Información general | 260113b1997 mx|||||| |||| 00| 0 spa d |
| 040 ## - FUENTE DE CATALOGACIÓN | |
| Agencia de catalogación original | BCEG |
| Idioma de catalogación | spa |
| Agencia que realiza la transcripción | BCEG |
| 082 04 - NÚMERO DE CLASIFICACIÓN DECIMAL DEWEY | |
| Número de clasificación | 551.22 |
| Clave de autor-Numero de item | L925i |
| 100 1# - ASIENTO PRINCIPAL--NOMBRE PERSONAL | |
| Nombre del autor personal | López Bátiz, Oscar. |
| 245 10 - TÍTULO PROPIAMENTE DICHO | |
| Título | Informe de daños en edificaciones durante el sismo de Colima del 9 de octubre de 1995 en la zona epicentral |
| Otra información sobre el título - Subtitulo | : Informe sobre las ciudades de Manzanillo, Cihuatlán, Barra de Navidad, Melaque y Jaluco. |
| 260 ## - PUBLICACIÓN, DISTRIBUCIÓN, ETC. (PIE DE IMPRENTA) | |
| Lugar de publicación, distribución, etc. | México : |
| Nombre del editor, distribuidor, etc. | Secretaría de Gobernación, Centro Nacional de Prevención de Desastres, |
| Fecha de publicación, distribución, etc. | 1997. |
| 300 ## - DESCRIPCIÓN FÍSICA | |
| Extensión | 29 p. |
| Otros detalles físicos | : tabs., maps. |
| 490 ## - MENCIÓN DE SERIE | |
| Mención de serie | Cuadernos de Investigación ; |
| Designación numérica/secuencial del volumen | 40. |
| 504 ## - NOTA DE BIBLIOGRAFÍA, ETC. | |
| Nota de bibliografía, etc | Incluye bibliografía. |
| 541 ## - NOTA DE FUENTE INMEDIATA DE ADQUISICIÓN | |
| Nota de fuente de adquisición | Donación. |
| 650 14 - ASIENTO SECUNDARIO DE MATERIA - TERMINO TEMÁTICO | |
| Término temático o nombre geográfico como elemento de entrada | Sismos |
| Subdivisión general | Informes |
| Subdivisión geográfica | Colima (México). |
| 651 ## - ENCABEZAMIENTO DE MATERIA -- NOMBRE GEOGRÁFICO | |
| Nombre geográfico | Desastres naturales |
| Subdivisión geográfica | Colima (México). |
| 700 1# - ASIENTO SECUNDARIO - NOMBRE PERSONAL | |
| Nombre personal | Teshigawara, Masaomi, |
| Función o responsabilidad del autor | coaut. |
| 942 ## - TIPO DE MATERIAL (KOHA) | |
| Tipo de Item KOHA | Libro |
| No para Préstamo | Colección | Biblioteca de Origen | Biblioteca Permanente | Fecha de Adquisición | Fuente de Adquisicion | Total de Préstamos | Signatura Topográfica | Código de Barras | Última vez visto | Tipo de Material |
|---|---|---|---|---|---|---|---|---|---|---|
| Material en Reserva | General | Biblioteca Central Estatal de Guanajuato, "Wigberto Jiménez Moreno" | Biblioteca Central Estatal de Guanajuato, "Wigberto Jiménez Moreno" | 13/01/2026 | DONAD | 551.22 L925i | BCEG8655145857 | 13/01/2026 | Libro |